Principles of teaching I/ (Record no. 2045)
[ view plain ]
| 000 -LEADER | |
|---|---|
| fixed length control field | 00588nam a22001817a 4500 |
| 008 - FIXED-LENGTH DATA ELEMENTS--GENERAL INFORMATION | |
| fixed length control field | 160427b xxu||||| |||| 00| 0 eng d |
| 020 ## - INTERNATIONAL STANDARD BOOK NUMBER | |
| International Standard Book Number | 978-971-23-4736-8 |
| 082 ## - DEWEY DECIMAL CLASSIFICATION NUMBER | |
| Edition number | 2007 |
| Classification number | DFil 371.3 |
| Item number | Ac3p |
| 100 ## - MAIN ENTRY--PERSONAL NAME | |
| 9 (RLIN) | 6593 |
| Personal name | Acero, Victorina O. |
| 245 ## - TITLE STATEMENT | |
| Title | Principles of teaching I/ |
| Statement of responsibility, etc. | Victorina O. Acero, Evelyn S. Javier and Herminia O. Castro. |
| 260 ## - PUBLICATION, DISTRIBUTION, ETC. (IMPRINT) | |
| Place of publication, distribution, etc. | Manila: |
| Name of publisher, distributor, etc. | REX, |
| Date of publication, distribution, etc. | c2007. |
| 300 ## - PHYSICAL DESCRIPTION | |
| Extent | viii, 138 pages; |
| Dimensions | 22 cm. |
| 500 ## - GENERAL NOTE | |
| General note | Includes index. |
| 650 #0 - SUBJECT ADDED ENTRY--TOPICAL TERM | |
| 9 (RLIN) | 6598 |
| Topical term or geographic name as entry element | Teaching |
| General subdivision | Methodology. |
| 700 ## - ADDED ENTRY--PERSONAL NAME | |
| 9 (RLIN) | 6594 |
| Personal name | Javier, Evelyn S. |
| 700 ## - ADDED ENTRY--PERSONAL NAME | |
| 9 (RLIN) | 6595 |
| Personal name | Castro, Hermina O. |
| 942 ## - ADDED ENTRY ELEMENTS (KOHA) | |
| Source of classification or shelving scheme | Dewey Decimal Classification |
| Koha item type | Filipiniana |
| Withdrawn status | Lost status | Source of classification or shelving scheme | Damaged status | Not for loan | Collection code | Home library | Current library | Shelving location | Date acquired | Source of acquisition | Total Checkouts | Full call number | Barcode | Date last seen | Date last checked out | Cost, replacement price | Price effective from | Koha item type |
|---|---|---|---|---|---|---|---|---|---|---|---|---|---|---|---|---|---|---|
| Dewey Decimal Classification | Filipiniana | UM Digos College - LIC | UM Digos College - LIC | Book Cart | 09/24/2010 | Purchased | 2 | DFil 371.3 Ac3p 2007 | 21410 | 05/15/2025 | 12/02/2019 | 359.00 | 04/27/2016 | Filipiniana |
